100 personnages de La Guerre des Clans - Statistiques

Statistiques générales
  • Ce quiz a été pris 333 fois
    300 depuis la dernière actualisation
  • Le résultat moyen est 44 sur 100
Statistiques - réponses
Hint Réponse % Correct
1 Etoile de Feu
100%
14 Etoile Bleue
93%
19 Etoile du Tigre
88%
12 Plume Grise
88%
11 Tempête de Sable
87%
2 Griffe de Ronce
84%
4 Feuille de Lune
77%
3 Poil d'Ecureuil
76%
17 Etoile Filante
75%
41 Croc Jaune
73%
7 Œil de Geai
73%
6 Pelage de Lion
73%
45 Museau Cendré
70%
40 Cœur Blanc
69%
8 Feuille de Houx
69%
13 Pelage de Poussière
69%
23 Etoile Solitaire
68%
37 Fléau
68%
26 Nuage de Jais
68%
48 Pelage d'Or
68%
44 Plume de Jais
68%
33 Flocon de Neige
67%
22 Etoile de Brume
66%
42 Petite Feuille
66%
21 Etoile du Léopard
63%
15 Etoile Brisée
62%
75 Rivière d'Argent
61%
28 Cœur de Lion
60%
16 Etoile Balafrée
59%
59 Longue Plume
59%
27 Tornade Blanche
59%
18 Etoile Noire
58%
20 Etoile de Jais
56%
43 Jolie Plume
54%
10 Aile de Colombe
53%
29 Plume Rousse
52%
94 Nuit sans Etoile
51%
39 Poil de Souris
51%
58 Eclair Noir
50%
56 Pelage de Silex
49%
25 Papillon
48%
5 Pelage d'Orage
48%
36 Gerboise
47%
34 Princesse
47%
95 Cœur de Chêne
46%
96 Poil de Fougère
45%
77 Pelage de Granit
44%
54 Millie
43%
53 Poil de Châtaigne
43%
61 Bouton d'Or
42%
24 Plume de Faucon
42%
50 Chipie
41%
9 Feuille de Lis
40%
49 Fleur de Bruyère
40%
38 Source aux petits poissons
39%
47 Cœur Cendré
38%
84 Cœur de Tigre
38%
63 Demi-Queue
38%
62 Plume Blanche
38%
79 Aile Blanche
37%
60 Nuage Agile
36%
74 Belle-de-Nuit
34%
81 Truffe de Sureau
34%
66 Un-Oeil
34%
73 Belle-de-Jour
32%
78 Cœur d'Epine
32%
69 Petit Orage
31%
30 Pelage de Brume
30%
68 Rhume des Foins
30%
35 Ficelle
29%
89 Œil de Myosotis
27%
80 Bois de Frêne
26%
67 Plume Cendrée
26%
65 Pomme de Pin
26%
71 Ecorce de Chêne
25%
91 Conteur des Pointes Rocheuses
24%
83 Isidore
24%
64 Petite Oreille
24%
86 Plume de Flamme
24%
82 Belle Eglantine
23%
72 Griffe de Pierre
23%
32 Minuit
22%
31 Sol
22%
46 Patte Folle
21%
85 Aube Claire
19%
92 Pic où Nichent les Aigles
18%
98 Feuille Rousse
16%
87 Patte Cendrée
15%
57 Demi-Lune
14%
97 Feuille de Saule
14%
76 Museau Balafré
14%
51 Pacha
14%
88 Plume de Crécerelle
13%
90 Cœur de Roseau
12%
70 Poitrail Blanc
11%
52 Câline
10%
99 Long Croc
8%
100 Baie de Ronce
5%
55 Jessie
5%
93 Piqué du Faucon Châtain
4%
Aucun quiz correspondant
Distribution des résultats
% des personnes avec chaque résultat
Percentile par nombre de réponses
Votre historique - résultats
Vous n’avez pas pris ce quiz depuis la dernière actualisation